Manual de asistencia integral a las mujeres víctimas de agresión sexual (Registro nro. 4702)

Detalles MARC
000 -Cabecera
Campo de control de longitud fija 00631aam a2200229 4500
005 - Fecha y hora de la última transacción
Campo de control 20250821145329.0
008 - Elementos de longitud fija--Información general
Campo de control de longitud fija 150416b1998 xxu||||| |||| 00| 0 spa d
041 ## - Idioma
Código de idioma Español
082 ## - Clasificación Decimal Dewey
Número de clasificación 362.88 C657m
100 ## - Entrada principal--Autor personal
Nombre personal Cobo Plana, Juan Antonio
9 (RLIN) 33958
245 ## - Título propiamente dicho
Título Manual de asistencia integral a las mujeres víctimas de agresión sexual
260 ## - Pie de imprenta
Lugar de publicación, distribución, etc. Estados Unidos
300 ## - Descripción física
Extensión 143 páginas
490 ## - Serie
Título de la Serie Investigación Criminal
650 ## - Materia general
Temática (materia general) VIOLENCIA DOMÉSTICA
650 ## - Materia general
Temática (materia general) VIOLENCIA SEXUAL
650 ## - Materia general
Temática (materia general) LESIONES
650 ## - Materia general
Temática (materia general) VÍCTIMAS
650 ## - Materia general
Temática (materia general) MEDICINA LEGAL
650 ## - Materia general
Temática (materia general) AGRESIÓN SEXUAL
942 ## - Punto de acceso adicional KOHA
Tipo de ítem KOHA Libro
Fuente del sistema de clasificación o colocación Dewey Decimal Classification
Existencias
Signatura completa Código de barras Programa Académico Tipo de ítem
362.88 C657m 8946 Investigación Criminal Libro